00574pab a2200169 454500008004000000100002900040245010300069260000900172300001300181362001100194650002300205773003400228908000600262909001100268999001900279952010600298180718b2013 xxu||||| |||| 00| 0 eng d aTripathi, Ashutosh Kumar aDecomposing variability in agriculture price: The case of selected Indian agricultural commodities c2013 ap.46-53. a28 Dec aAgricultural price aEconomic and Political Weekly aN a103361 c103357d103357 00104070aIIPAbIIPAd2018-07-19hVolume no: 48, Issue no: 52pAR103821r2018-07-19w2018-07-19yAR